| 000 | 02392cam a22006974i 4500 | ||
|---|---|---|---|
| 003 | PE-LiUPU | ||
| 005 | 20250731170457.0 | ||
| 008 | 150707s2005 sp rb 0o 0 spa d | ||
| 020 | _a8466210644 | ||
| 020 | _a9788466210645 | ||
| 035 | _a(Sirsi) i9788466210645 | ||
| 035 | _a(Sirsi) 50975 | ||
| 035 | _a(Sirsi) 50975 | ||
| 041 | _aes | ||
| 044 | _aes | ||
| 082 | 0 | 4 |
_a173 _bP86 _220 |
| 100 | 1 |
_aPrice Huelin, Beatriz, _autor. |
|
| 245 | 1 | 0 |
_aConoce a tus hijo : _btests de 7 a 12 años / _cBeatriz Price Huelin y Ebee León Gross. |
| 264 | 1 |
_aMadrid : _bLibsa, _c2005. |
|
| 300 |
_a287 páginas : _bilustraciones ; _c24 centímetros. |
||
| 336 |
_atext _2rdacontent |
||
| 337 |
_aunmediated _2rdamedia |
||
| 338 |
_avolume _2rdacarrier |
||
| 490 | 0 | _aPsicopediatría | |
| 500 | _a"Sexualidad, psicomotricidad, socialización, nutrición", en la cubierta | ||
| 504 | _aBibliografía: páginas 285-287. | ||
| 505 | 0 | _aLos aspectos afectivos y sociales -- Los aspectos cognitivos -- Los aspectos psicomotrices -- La personalidad -- La socialización -- El lenguaje -- La familia -- La nutrición -- La salud -- La escuela -- La música -- Los sentimientos -- El juego -- Las manifestaciones artísticas -- La sexualidad -- Haciendo balance. | |
| 526 | _aSEG68 | ||
| 526 | _aSEG70 | ||
| 526 | _aSEG69 | ||
| 526 | _aSEG67 | ||
| 526 | _aSEG43 | ||
| 526 | _aP144 | ||
| 526 | _aP143 | ||
| 526 | _aP131 | ||
| 526 | _aP122 | ||
| 526 | _aP120 | ||
| 526 | _aP117 | ||
| 526 | _aP112 | ||
| 526 | _aP110 | ||
| 526 | _aP106 | ||
| 526 | _aP101 | ||
| 526 | _aP80 | ||
| 526 | _aP59 | ||
| 526 | _aP54 | ||
| 526 | _aP35 | ||
| 526 | _aP33 | ||
| 526 | _aP30 | ||
| 650 | 1 | 4 |
_aNiños _xDesarrollo |
| 650 | 1 | 4 |
_aNiños _xSalud e higiene |
| 650 | 1 | 4 | _aTests psicológicos para niños |
| 700 | 1 |
_aLeón Gross, Ebee, _eautor. |
|
| 859 |
_q67827 _h305.234 _iP86 |
||
| 910 |
_agl _b _clch _d20130709 |
||
| 910 |
_adbm _bsag _csag _d20190423 |
||
| 942 |
_2ddc _cBOOK |
||
| 949 |
_a173 P86 _i67827 _lCCODEBUL1 _mBUL _tLIBRO _o.STAFF. Colección General |
||
| 596 | _a1 | ||
| 999 |
_a173 P86 _wDEWEY _c55345 _i67827 _f2021-11-4 _g3 _lCCODEBUL1 _mBUL _p50.00 _r0 _sY _tBOOK _u2015-7-6 _xBIBLIOTECA _PP33 _0COMPRA _o.STAFF. Colección General _d55345 |
||
| 980 |
_81 _gALBERTO SANCHEZ Responsable de Automatización |
||